| 000 | nam a22 7a 4500 | ||
|---|---|---|---|
| 999 |
_c15297 _d15297 |
||
| 008 | 161028b xxu||||| |||| 00| 0 eng d | ||
| 020 | _a9780558541514 | ||
| 050 | _aHD 30.3 .P43 2011 | ||
| 100 | _aPearson Custom Business Skills | ||
| 245 |
_aPearson Custom Business Skills/ _cPearson Custom Business Skills |
||
| 260 |
_aNew York : _bPearson Learning Solution, _cc2011 |
||
| 300 |
_aii, 461p. : _bill. ; |
||
| 650 | _aBusiness communication | ||
| 942 |
_2lcc _cBOOKS _hHD 30.3 .P43 2011 |
||